00914nab a2200265 uc450000100070000000500170000700800410002403500110006503500210007604000130009704100080011010000380011824500970015665000360025365000290028965000390031865000190035765000270037665000290040365000300043265000210046277301360048394200100061999900190062969111720240907090918.0010913e20001228 spa  a691117 a(OCoLC)819916100 ccomduadb aspa10aArgarate, Pablo4auteaut930313213aLa persona, recapitulacion dinamica de la creacion a partir del pensamiento de M. F. Sciacca aSciacca, Miguel Federico952149 7aMetafísica2lemb92121 7aFilosofía colombiana2lemb97880 aPersona962802 7aCreación2lemb91540 aSer (Filosofía)949614 7aSeres humanos2lemb91523 aEternidad9360490 tAnámnesis : Revista de Teología (México)gVolumen 10, Número 02, Julio-Diciembre 2000, p. 155-177w101944x0188-9567090835 cARIMP c213947d213947